00758nam a22001937a 4500003000200000005001700002008004100019050002900060100002900089245007200118260009000190300003500280504004100315650007200356650002400428650004200452650002700494650004300521020250129102427.0150916b xxu||||| |||| 00| 0 eng d aPGS ML 3920 b.D668 2015 aDomelow, Neil Harry Jr.  aMusic preference and concentration skills /cNeil Harry Domelow Jr. aLas Piñas City, Philippines :bSouthville International School and Colleges,c2015. a28 p. :bill. ;c28 cm. fPASS aIncludes bibliographical references. 2Library of Congress Subject HeadingsaMusicvPsychological aspects. aMusic and children. aConcentrationvPsychological aspects. aAttention in children. aElementary school studentsvPsychology